000 00204 a2200097 4500
001 10667
100 _aEast, G
245 _aGeography behind history, The.
260 _a
_bNelson
_c
090 _c8268
_d8268
942 _aNUST-CAE
_cM
_c35009
999 _c245740
_d245740